| 000 | 01125nam a2200313 i 4500 | ||
|---|---|---|---|
| 001 | 019211852 | ||
| 003 | EG-ScBUE | ||
| 005 | 20230409094553.0 | ||
| 008 | 181120s2019 enkab j b 000 0 eng d | ||
| 020 | _a9781849766210 | ||
| 040 |
_aStDuBDS _beng _erda _cStDuBDS _dUk _dEG-ScBUE |
||
| 082 | 0 | 4 |
_a709.252 _222 _bBEN |
| 100 | 1 |
_aBennett, Sophia, _eauthor. |
|
| 245 | 1 | 4 |
_aThe bigger picture : _bwomen who changed the art world / _cwritten by Sophia Bennett ; illustrated by Manjit Thapp. |
| 264 | 1 |
_aLondon : _bTate, _c2019. |
|
| 300 |
_a112 pages : _billustrations (black and white, and colour), maps (colour) ; _c29 cm |
||
| 336 |
_atext _2rdacontent _btxt |
||
| 336 |
_astill image _2rdacontent _btxt |
||
| 337 |
_aunmediated _2rdamedia _bn |
||
| 338 |
_avolume _2rdacarrier _bnc |
||
| 504 | _aIncludes bibliographical references. | ||
| 650 | 7 |
_aWomen artists _vJuvenile literature. _2BUEsh |
|
| 650 | 7 |
_aArt _xHistory _vJuvenile literature. _2BUEsh |
|
| 653 |
_bART _cApril2023 |
||
| 655 | _vReading book | ||
| 700 | 1 |
_aThapp, Manjit, _eillustrator. |
|
| 942 |
_2ddc _cBB |
||
| 999 |
_c30293 _d30264 |
||